• 首页
  • 本馆介绍
  • 公告通知
  • 最新文献
  • 馆藏检索
  • 电子资源
  • 读者导购
  • 参考咨询
  • 我的图书馆
  • 登录
  • 详细信息显示
  • 放入我的书架
  • 预约/预借图书
  • 作者相关作品
  • 分类相关作品
  • 丛书相关作品
  • 出版社相关作品

书目信息

  • 表格格式
  • 工作单格式
  • 卡片格式
题名:
建筑基础结构设计与景观艺术
    
 
作者: 王艳 , 李艳 , 回丽丽 主编
分册:  
出版信息: 长春   吉林美术出版社  2017.4
页数: 402页
开本: 17cm
丛书名:
单 册:
中图分类: TU318 , TU983
科图分类:
主题词: 建筑结构--基础结构--结构设计 , 景观设计
电子资源:
ISBN: 978-7-5575-2367-1
000 00995nam0 2200265 450
001 5105
005 20181014102113.28
010    @a978-7-5575-2367-1@dCNY85.00
100    @a20170512d2017 em y0chiy0110 ea
101 0  @achi
102    @aCN@b220000
105    @ay z 000yy
200 1  @a建筑基础结构设计与景观艺术@9jian zhu ji chu jie gou she ji yu jing guan yi shu@f王艳,李艳,回丽丽主编
210    @a长春@c吉林美术出版社@d2017.4
215    @a402页@d17cm
330    @a本书共十一章,从建筑基础结构、类型、园林景观建设发展等多方面系统地阐述了建筑基础结构设计与景观艺术的基本理论及技术方法。全书内容结构合理,条理清晰分明,注重内容的系统性和方法的可操作性,全面反映现建筑基础结构设计和景观艺术的特色与发展。
606 0  @a建筑结构@x基础结构@x结构设计
606 0  @a景观设计
690    @aTU318@v5
690    @aTU983@v5
701  0 @a王艳@9wang yan@4主编
701  0 @a李艳@9li yan@4主编
701  0 @a回丽丽@9hui li li@4主编
801  0 @aCN@b91CIP@c20170512
905    @aMuseLib@dTU318@e1483
    
    建筑基础结构设计与景观艺术/王艳,李艳,回丽丽主编.-长春:吉林美术出版社,2017.4
    402页;17cm
    
    
    ISBN 978-7-5575-2367-1:CNY85.00
    本书共十一章,从建筑基础结构、类型、园林景观建设发展等多方面系统地阐述了建筑基础结构设计与景观艺术的基本理论及技术方法。全书内容结构合理,条理清晰分明,注重内容的系统性和方法的可操作性,全面反映现建筑基础结构设计和景观艺术的特色与发展。
●
相关链接 在E读中查询图书 在五车中查询图书 在当当中查询图书 在豆瓣中查询图书


正题名:建筑基础结构设计与景观艺术     索取号:TU318/1483         预约/预借

序号 登录号 条形码 馆藏地/架位号 状态 备注
1 1128149   211281496   第二样本阅览室/ [索取号:TU318/1483] 在馆    
2 1128150   211281502   第三借阅区/ [索取号:TU318/1483] 在馆    
3 1128151   211281511   第三借阅区/ [索取号:TU318/1483] 在馆    
4 1128152   211281520   第三借阅区/ [索取号:TU318/1483] 在馆    
5 1128153   211281539   密集书库-资源管理系/ [索取号:TU318/1483] 在馆    
唐山师范学院图书馆 欢迎您!
大连网信软件有限公司© 版权所有